01494nam a22002057a 4500003000900000005001700009008004100026040001300067100003500080245008600115250000600201260002000207300001900227490006600246520074700312942001201059999001701071952010001088952010001188IT-RoPau20220918175936.0121207b xxu||||| |||| 00| 0 eng d cIT-RoPau aSpoletini Domenico B.qssp919 aIl "tesoro di grazia" paolino e l'opera delle Sante Messe bsecondo Don Alberione aI aRomabSSPc1993 a23 p.c21,2 cm aEdizioni Archivio Storico Generale della Famiglia Paolina vI aINDICE Presentazione Sigle I. Il tesoro di grazia Costituzione del tesoro di grazia: molteplici forme II. I contributi paolini al tesoro di grazia 1. Alla radice del tesoro di grazia 2. Contributi paolini III. L' Eucarestia nel cuore del tesoro di grazia 1. Evoluzione storica: primi passi 2. L' Opera cresce: da 300 a 1000 sante Messe 3. Da 2000 a 2400 sante Messe 4. Precisazione definitive IV. Il tesoro di grazia oggi 1. Validità€ permanente del tesoro di grazia 2. Suggerimenti minimi per oggi 3. L' " Opera delle sante Messe" oggi Precisazione - L' "Opera delle sante Messe": cooperatori o benefattori? Bibliografia  2ddccBK c37621d37621 00102ddc406P_A671aPAULUSbPAULUSd2012-12-07l0oP A6r2012-12-07 00:00:00w2012-12-07yBK 00102ddc406P_A671aPAULUSbPAULUSd2013-11-18l0oP A6r2013-11-18 00:00:00w2013-11-18yBK